Tộc người ở các nước châu Á
Cung cấp tri thức toàn cảnh về tộc người ở cấp toàn châu cũng như từng nước và lãnh thổ
Đã lưu trong:
| Tác giả chính: | |
|---|---|
| Định dạng: | Sách |
| Năm xuất bản: |
H.
Nxb Hà Nội
1997
|
| Chủ đề: | |
| Tags: |
Thêm thẻ
Không có thẻ, Hãy là người đầu tiên gắn thẻ bản ghi này!
|
| LEADER | 00873nam a2200169 4500 | ||
|---|---|---|---|
| 082 | |a 305.80095 |b T451ng | ||
| 100 | |a Nghiêm Thái | ||
| 245 | |a Tộc người ở các nước châu Á |c Nghiêm Thái chủ biên, Nguyễn Hữu Tiến, Đinh Hiền Châu | ||
| 260 | |a H. |b Nxb Hà Nội |c 1997 | ||
| 300 | |a 358 tr. |c 21 cm. | ||
| 520 | |a Cung cấp tri thức toàn cảnh về tộc người ở cấp toàn châu cũng như từng nước và lãnh thổ | ||
| 653 | |a Dân tộc | ||
| 653 | |a Châu Á | ||
| 942 | |2 ddc |c STK0 | ||
| 999 | |c 8584 |d 8584 | ||
| 952 | |0 0 |1 0 |2 ddc |4 0 |6 305_800950000000000_T451NG |7 0 |8 300 |9 70527 |a qbu |b qbu |c D2 |d 2015-04-09 |g 25000 |o 305.80095 T451ng. |p 8708.c1 |r 0000-00-00 |w 2015-04-09 |y STK0 | ||
| 952 | |0 0 |1 0 |2 ddc |4 0 |6 305_800950000000000_T451NG |7 0 |8 300 |9 70528 |a qbu |b qbu |c D2 |d 2015-04-09 |g 25000 |l 1 |o 305.80095 T451ng. |p 8708.c2 |r 2018-05-23 |s 2017-09-20 |w 2015-04-09 |y STK0 | ||